000 00561cam a2200217 i 4500
001 881512
005 20180201065439.0
008 800207s1980 nyua b 001 0 eng
010 _a 80011145
020 _a0470269561
040 _aDLC
_cDLC
_dDLC
041 _aeng
080 _a338.19 DAN
082 0 0 _a338.19 DAN
100 1 _a42
101 _aGJEO
245 1 4 _aThe geography of famine /
_cWilliam A. Dando.
504 _aIncludes bibliographical references and index.
906 _a7
_bcbc
_corignew
_d1
_eocip
_f19
_gy-gencatlg
942 _2ddc
_cBK
999 _c41516
_d41516